00401 2200157 4500001002100000005001500021035002000036245004600056100001700102300002600119260004200145082000800187084001400195020002200209990001200231INLIS00000000000309920251001092440 a0010-10250000031 aBefore Happily Ever After /cSophia Hanna0 aSophia Hanna a359 hlm ;c13 x 19 cm aJakarta :bBhuana Ilmu Populer,c2018 a813 a813 SOP b a978-602-455-216-9 a0755527